Construction specifications
| Main Author: | |
|---|---|
| Format: | Book |
| Language: | English |
| Published: |
New Jersey :
Prentice-Hall ,
c1975
|
| Subjects: |
MARC
| LEADER | 00000cam a2200000 7i4500 | ||
|---|---|---|---|
| 001 | 0000002839 | ||
| 005 | 20230731.0 | ||
| 008 | 991201 nju eng | ||
| 020 | |a 0131693751 (hbk) | ||
| 040 | |a INS | ||
| 090 | 0 | 0 | |a TH425 |b .L48 1975 |
| 100 | 1 | |a Lewis, Jack R. | |
| 245 | 1 | 0 | |a Construction specifications |c Jack R. Lewis |
| 260 | |a New Jersey : |b Prentice-Hall , |c c1975 | ||
| 300 | |a xii, 340 p. : |b ill. ; |c 29 cm. | ||
| 504 | |a Includes bibliographical references and index | ||
| 650 | 0 | |a Building-Contracts and specification | |
| 999 | |a 0000000977 |b BOOK |c Open Shelf |e Default branch | ||